00917nam a22002175i 4500001000700000003000900007005001700016008004100033040002000074100002800094245014500122250002100267260011800288300002200406650003100428700003100459700002700490852003700517999001900554952012600573162536ES-MaACL20230906212540.0991105s1866 fr |||| | fre d aCAM bspa cCAM1 aPreller, Louis.913134914aLes dieux de l'ancienne Rome b: mythologie romaine / cde L. Preller ; traduction de M.L. Dietz ; avec une préface par L.F. Alfred Maury. a2\pème\s éd. aParis : bLibrairie Académique Didier et C., libraires-éditeurs,c1866 (fImprimerie de p.-A. Bourdier et C.) a519 p. ; c18 cm.04aMitología romana.9151091 aDietz, L., etrad.91268011 aMaury, Alfred.9129748 aES-MaACLjG-10322 z-- Enc. hol. c162536d162536 001040708LIBXIXaATENEOMbATENEOMcSPP3d2008-01-17eSSCl0oG-10322p1170277r2023-02-23 00:00:00w2023-02-23yMONANT